MDQL
is popping MORE tags! Check the
thread
!
Quizzes
Events
Quiz Creation
Community
Videos
Private Events
Remove Ads
Sign In
Join for FREE
Feedback
Dark Mode
Quiz Categories
Sports
Geography
Music
Movies
Television
Just For Fun
Miscellaneous
History
Literature
Language
Science
Gaming
Entertainment
Religion
Holiday
For Kids
Quiz Lab
Recent
Popular Today
Quiz Kudos Today
Editor Picks
Curator Picks
Quizzes by...
Day
Popularity
Type
Ratings
Length
Year
Community
Subscriptions
Recent Discussions
Orange Saloon
Badges
Playlists
Quests
Create
Leaderboards
Showdown
Live 5
Trivia Bingo
Activity
Puzzle Library
Sporcle Events
Private Events
Virtual Trivia
Globe League
Become a Host
Pub Owners
SporcleCon
Opinionation
Our Games
Videos
Blog
Mobile Apps
Partnerships
Remove Ads and Go Orange
Feedback
Gaming
Video Games
Board Games
Card Games
Pokémon
Mario
Nintendo
Minecraft
Console
Toys
Legend of Zelda
Gaming
Video Games
Board Games
Card Games
Pokémon
Mario
Nintendo
Minecraft
Console
Toys
Legend of Zelda
Random Quiz
Search Sporcle
×
Quiz Lab
Quiz Lab
Gaming
Video Games
Type in answers that appear in a list
Type in answers that appear in a list
Classic
Best Score? Go Orange.
The 50 Greatest Video Game Icons Stats
Can you name the 50 Greatest Video Game Icons?
By
MarionCrookie
10m
50 Questions
266 Plays
266 Plays
266 Plays
Comments
Comments
Give Quiz Kudos
Give Quiz Kudos
-
- Ratings
hide this ad
More Info
Replay
Link that replays current quiz
Next Quiz
Link to next quiz in quiz playlist
You Got
0%
They Got
Avg Score
34%
Avg Friend Score
Upgrade to see
Score Distribution
Jump to the score distribution portion of the page
Score
0/50
Timer
10:00
0
Plays Today
Console
Icon
% Correct
Nintendo
Mario
98.9%
PlayStation -
Nintendo -
Xbox
Sonic
97%
Nintendo
Link
74.8%
Xbox
Master Chief
71.1%
Nintendo
Kirby
70.7%
Nintendo
Samus
67.3%
Nintendo
Donkey Kong
63.9%
Nintendo
Pikachu
63.2%
PlayStation -
Nintendo -
Xbox
Crash Bandicoot
62.4%
PlayStation
Ratchet
62%
PlayStation -
Nintendo -
Xbox
Mega Man
61.7%
PlayStation -
Nintendo -
Xbox
Ryu
61.3%
PlayStation -
Nintendo -
Xbox
Snake
60.2%
PlayStation -
Nintendo -
Xbox
Spyro
57.5%
PlayStation -
Nintendo -
Xbox
Pac Man
52.3%
Nintendo
Yoshi
48.1%
Nintendo
Fox McCloud
47.7%
PlayStation -
Nintendo -
Xbox
Lara Croft
46.6%
PlayStation
Sly Cooper
39.8%
PlayStation
Kratos
39.1%
PlayStation -
Nintendo
Sora
38%
PlayStation
Nathan Drake
35%
PlayStation -
Nintendo
Cloud Strife
33.8%
PlayStation -
Xbox
Dante
30.5%
PlayStation -
Nintendo -
Xbox
Sub-Zero
28.9%
Console
Icon
% Correct
PlayStation
Jak
27.4%
PlayStation -
Nintendo -
Xbox
Soap
26.3%
PlayStation
Sackboy
24.1%
PlayStation -
Xbox
Vault Boy
20.3%
Nintendo -
Xbox
Joanna Dark
19.2%
PlayStation -
Xbox
Niko Bellic
18.8%
PlayStation -
Nintendo -
Xbox
Agent 47
18.4%
PlayStation -
Xbox
Gordon Freeman
17.3%
PlayStation -
Nintendo -
Xbox
Chris Redfield
16.9%
PlayStation -
Nintendo -
Xbox
Frank West
15.8%
PlayStation -
Nintendo -
Xbox
The Prince
14.7%
PlayStation -
Nintendo -
Xbox
Sam Fisher
13.9%
Xbox
Marcus Fenix
11.7%
PlayStation -
Nintendo -
Xbox
Duke Nukem
10.5%
PlayStation
Buzz
9.8%
PlayStation -
Nintendo -
Xbox
Jin Kazama
9%
PlayStation -
Nintendo -
Xbox
Max Payne
8.3%
PlayStation -
Nintendo -
Xbox
Ryu Hayabusa
7.9%
PlayStation
Cole MacGrath
7.1%
PlayStation -
Nintendo -
Xbox
Altair
6.4%
PlayStation -
Xbox
Carl Johnson
6%
PlayStation -
Xbox
Big Daddy
5.3%
PlayStation
Nathan Hale
4.5%
PlayStation
Gabe Logan
2.3%
PlayStation -
Xbox
Akira Yuki
0.4%
Quiz Playlist
Details
Report
Send in Message
Add To Playlist
More Info:
Hard but Fun
Classic:
Type in answers that appear in a list
Last Updated: Feb 16, 2017
Quiz Scoreboard
CHALLENGE
Sign Up to Join the Scoreboard
Show All
Scores
Hide
Comments
May contain spoilers
Recently Published
Find the 'City' Movie
by crazypaving
Movies
60s
5x2 Blitz: Bands
by SL_Kpop136
Music
30s
Colored Red Africa Blitz
by spor1
Geography
30s
More to Explore
Quiz From the Vault
Featured Blog Post
14 Easter Pick-up Lines to Find Eggs With
hide this ad
You Might Also Like...
Tags
Video Games Quiz
Nintendo Games
PS3 Games
Xbox
Today's Top Quizzes in Gaming
Browse Gaming
hide this ad
Today's Top Quizzes in Video Games
Browse Video Games
Top Contributed Quizzes in Gaming
1
League of Legends Pro Players by Career/Team History
2
Genshin murder mystery
3
Destiny 2 exotic weapons by perk icons
4
Dead By Daylight Logic Puzzle
5
Genshin Impact Logic Puzzle
6
Valorant Agent Developer Names (Up to Clove)
7
Overwatch 2: Ultimate Ability Icons
8
Who's on the WWE 2K24 Cover?
9
Genshin Impact Logic Puzzle Quiz II
10
4x4 Decades: Video Games
Explore More
Trending Topics
Disney
Kpop
Anime
Marvel
NBA
Harry Potter
Crossword
WWE
Country
NFL
Soccer
Pokémon
Puzzle
The Office
Song
hide this ad
More By:
MarionCrookie
Quiz
Plays
Rating
Category
Featured
Created
Superheroes and Villains by Actors
238
3.67
Movies
Dec 1, 2011
Wrestlers by Finishers
143
5.00
Entertainment
Dec 1, 2011
Zombies
101
3.50
Entertainment
Nov 28, 2011
Actors by Movies
98
3.00
Movies
Nov 30, 2011
Simple Prequels
69
3.00
Movies
Dec 2, 2011
Go to Creator's Profile
Score Distribution
Quiz Creator Spotlight
MarionCrookie
Follow
Send a Message
Quizzes Created
-
Created Quiz Play Count
-
More By This Creator
Popular Quizzes Today
1
Colored Red Africa Blitz
2
Find the 'City' Movie
3
Find the US States - No Outlines Minefield
4
5x2 Blitz: Bands
5
The Countries of the World
6
Find the US States
7
Find the Countries of Europe - No Outlines Minefield
8
US States
More Gaming Quizzes
2006 Video Games by Cover
Quiz Lab
Trending Quizzes
Colored Red Europe Blitz I
Colored Red Africa Blitz II
Colored Red Europe Blitz II
Colored Red Europe Blitz III
Colored Red Africa Blitz III
Recently Updated
How Do You Spell That?
pecheneg
Godzilla Movies
pecheneg
Grab Bag: 4-10 Letters
pecheneg
2024 March Madness Bracket
pecheneg
Famous TV Couples
Peacemaker
Champions League XIs: Real Madrid
pecheneg
Largest US Cities 1790-2010
pecheneg
Rides in Walt Disney World
pecheneg
Most Oscar Losses (Acting)
pecheneg
Beyoncé Albums
pecheneg
Trending Topics
NBA
Crossword
Harry Potter
Kpop
Anime
Marvel
Disney
Country
Song
Soccer
WWE
Pokémon
NFL
Puzzle
The Office
Your Account Isn't Verified!
In order to create a playlist on Sporcle, you need to verify the email address you used during registration. Go to your
Sporcle Settings
to finish the process.
Report this User
Report this user for behavior that violates our
Community Guidelines
.
Details:
Send Report
Go to the Sporcle.com Mobile Site →
Comments